Development administration in India : Ideological,theoretical and operational pe (Record no. 12522)

MARC details
000 -LEADER
fixed length control field 00319nam a2200121Ia 4500
082 ## - DEWEY DECIMAL CLASSIFICATION NUMBER
Classification number RI.0009
100 ## - MAIN ENTRY--AUTHOR NAME
Personal name Inamdar, N.R.
245 #0 - TITLE STATEMENT
Title Development administration in India : Ideological,theoretical and operational pe
260 ## - PUBLICATION, DISTRIBUTION, ETC. (IMPRINT)
Year of publication 1991
300 ## - PHYSICAL DESCRIPTION
Number of Pages 335
942 ## - ADDED ENTRY ELEMENTS (KOHA)
Koha item type Books
Holdings
Withdrawn status Lost status Damaged status Not for loan Home library Current library Date acquired Bill Date Full call number Accession Number Price effective from Koha item type
        NASSDOC Library NASSDOC Library 08/10/2004 2008-12-30 RI.0009 31285 18/04/2019 Books